عرض عادي
عرض مارك
- الشاهر، علي عبدالفتاح،
مدخل إسم شخص
001 - رقم الضبط
- حقل الضبط: 91164
003 - معرف رقم الضبط
- حقل الضبط: OSt
005 - تاريخ ووقت أخر عملية
- حقل الضبط: 20220614162807.0
008 - عناصر بيانات ثابتة الطول
- حقل تحكم ثابت الطول: 220614|| aca||aabn | a|a d
040 ## - مصدر الفهرسة
- هيئة الفهرسة الأصلية: OSt
- وكالة الكتابة: OSt
100 ## - مدخل -- أسم شخص
- إسم شخص: الشاهر، علي عبدالفتاح،
670 ## - بيانات المصدر موجوده
- الاستشهاد بالمصدر: Work cat.: (OSt): الصواف، محفوظ حمدون 89715, نظام تخطيط موارد المنظمة ERPS بين النظرية والتطبيق /, 2016
